00314nam a2200133Ia 4500008004100000020001600041041001200057082001100069100001600080245004400096250000800140260002500148650000700173221030s9999 xx 000 0 und d a08769229910 aEnglish a105.23 aJ. D. Ryder 0aNetworks Lines & Fieldscby J. D. Ryder a2nd bPHIaNew Delhic1988 aEE